[Event "FICGS rapid B 000224 email"]
[Site "FICGS email"]
[Date "2015.02.12"]
[Round "1"]
[White "Galus, Stanislaw"]
[Black "Boucq, Romain"]
[Result "1-0"]
[WhiteElo "1700"]
[BlackElo "1806"]
[PlyCount "69"]
[EventDate "2015.??.??"]
[EventType "tourn (rapid)"]
[EventRounds "6"]
[SourceTitle "Corr 2022"]
[Source "ChessBase"]
[SourceDate "2021.10.24"]
[SourceVersion "1"]
[SourceVersionDate "2021.10.24"]
[SourceQuality "1"]

1. d4 Nf6 2. c4 g6 3. Nc3 Bg7 4. e4 d6 5. Nf3 0-0 6. Be2 e5 7. 0-0 Nbd7 8. Be3 Re8 9. d5 Nf8 10. Nd2 h6 11. b4 N8h7 12. c5 Kh8 13. Nc4 Ng8 14. cxd6 cxd6 15. Nb5 f5 16. Bxa7 Bd7 17. Nbxd6 Rf8 18. Bb6 Qf6 19. a4 fxe4 20. Nxb7 Ne7 21. Nc5 Bc8 22. d6 Nc6 23. d7 Nd4 24. dxc8Q Raxc8 25. Nxe4 Nxe2+ 26. Qxe2 Qc6 27. Bc5 Rf4 28. Ned6 Ng5 29. Nxe5 Qc7 30. Nxg6+ Kh7 31. Nxf4 Bxa1 32. Qd3+ Kg8 33. Nxc8 Qxc8 34. Qg6+ Bg7 35. Nh5 1-0

[Event "FICGS class C 000214 email"]
[Site "FICGS email"]
[Date "2014.12.13"]
[Round "1"]
[White "Cesbron, Guy"]
[Black "Boucq, Romain"]
[Result "1-0"]
[WhiteElo "1912"]
[BlackElo "1860"]
[PlyCount "61"]
[EventDate "2014.??.??"]
[EventType "tourn (corr)"]
[EventRounds "4"]
[SourceTitle "Corr 2022"]
[Source "ChessBase"]
[SourceDate "2021.10.24"]
[SourceVersion "1"]
[SourceVersionDate "2021.10.24"]
[SourceQuality "1"]

1. g3 d5 2. Bg2 Nf6 3. Nf3 c5 4. 0-0 Nc6 5. d3 Bg4 6. h3 Bd7 7. c4 e6 8. cxd5 exd5 9. e4 dxe4 10. dxe4 Be7 11. e5 Ne4 12. Re1 Bf5 13. Qa4 0-0 14. Rxe4 Bxe4 15. Qxe4 f5 16. Qc4+ Kh8 17. Nc3 a6 18. Bf4 b5 19. Qe2 Ra7 20. Rd1 Qb6 21. Nd5 Qa5 22. e6 Rd8 23. Ng5 Nd4 24. Nf7+ Kg8 25. Qe5 Qa4 26. b3 Qxa2 27. Bh6 Ne2+ 28. Kh2 Bf8 29. Nf6+ gxf6 30. Qxf6 Rxf7 31. exf7# 1-0

[Event "FICGS class C 000214 email"]
[Site "FICGS email"]
[Date "2014.12.13"]
[Round "1"]
[White "Sorcinelli, Andrea"]
[Black "Boucq, Romain"]
[Result "1-0"]
[WhiteElo "1993"]
[BlackElo "1860"]
[PlyCount "27"]
[EventDate "2014.??.??"]
[EventType "tourn (corr)"]
[EventRounds "4"]
[SourceTitle "Corr 2022"]
[Source "ChessBase"]
[SourceDate "2021.10.24"]
[SourceVersion "1"]
[SourceVersionDate "2021.10.24"]
[SourceQuality "1"]

1. e4 c5 2. Nf3 e6 3. d4 cxd4 4. Nxd4 Nc6 5. Nc3 Nf6 6. Nxc6 bxc6 7. e5 Nd5 8. Ne4 Bb4+ 9. c3 Ba5 10. Bg5 Qb6 11. Nd6+ Kf8 12. Qh5 g6 13. Qh6+ Kg8 14. Ne8 1-0

[Event "FICGS rapid B 000221 email"]
[Site "FICGS email"]
[Date "2014.12.08"]
[Round "1"]
[White "Rodriguez Perez, Rene"]
[Black "Boucq, Romain"]
[Result "1-0"]
[WhiteElo "1854"]
[BlackElo "1860"]
[PlyCount "45"]
[EventDate "2014.??.??"]
[EventType "tourn (rapid)"]
[EventRounds "6"]
[SourceTitle "Corr 2022"]
[Source "ChessBase"]
[SourceDate "2021.10.24"]
[SourceVersion "1"]
[SourceVersionDate "2021.10.24"]
[SourceQuality "1"]

1. e4 c5 2. Nf3 Nc6 3. Bb5 Nd4 4. Nxd4 cxd4 5. 0-0 e5 6. c3 Nf6 7. cxd4 exd4 8. d3 a6 9. Ba4 b5 10. Bb3 d6 11. a4 Bd7 12. axb5 Bxb5 13. f4 Be7 14. e5 dxe5 15. fxe5 Nd5 16. Qf3 Ne3 17. Bxf7+ Kd7 18. Bxe3 dxe3 19. Qb7+ Qc7 20. Qd5+ Kc8 21. Qxa8+ Qb8 22. Be6+ Kc7 23. Rc1+ 1-0